UBT Library

Aphegēsis Livistrou kai Rodamnēs (Livistros and Rodamne) : (Record no. 40239)

000 -LEADER
fixed length control field 00853cam a22002414a 4500
001 - CONTROL NUMBER
control field 15405846
005 - DATE AND TIME OF LATEST TRANSACTION
control field 20180115042454.0
008 - FIXED-LENGTH DATA ELEMENTS--GENERAL INFORMATION
fixed length control field 080612s2007 gr a b 001 1 greo
010 ## - LIBRARY OF CONGRESS CONTROL NUMBER
LC control number 2008467360
020 ## - INTERNATIONAL STANDARD BOOK NUMBER
International Standard Book Number 9789602503768
035 ## - SYSTEM CONTROL NUMBER
System control number (GrAtO)oi18144
040 ## - CATALOGING SOURCE
Original cataloging agency DLC
Transcribing agency DLC
041 0# - LANGUAGE CODE
Language code of text/sound track or separate title grc
-- eng
080 ## - UNIVERSAL DECIMAL CLASSIFICATION NUMBER
Universal Decimal Classification number 2 MIC
100 ## - Rafti
Rafti 24
101 ## - Shkurtesa
Shkurtesa TEO
245 10 - TITLE STATEMENT
Title Aphegēsis Livistrou kai Rodamnēs (Livistros and Rodamne) :
Statement of responsibility, etc critical edition with introduction, commentary and index-glossary by Tina Lendari.
246 31 - VARYING FORM OF TITLE
Title proper/short title Livistros and Rodamne:
Remainder of title the Vatican version
504 ## - BIBLIOGRAPHY, ETC. NOTE
Bibliography, etc Includes bibliographical references (p. 13-49) and indexes.
906 ## - LOCAL DATA ELEMENT F, LDF (RLIN)
a 7
b cbc
c origres
d 2
e ncip
f 20
g y-gencatlg
942 ## - ADDED ENTRY ELEMENTS (KOHA)
Source of classification or shelving scheme
Item type Books
Holdings
Withdrawn status Lost status Source of classification or shelving scheme Damaged status Not for loan Collection code Permanent location Current location Shelving location Date acquired Total Checkouts Full call number Barcode Date last seen Price effective from Koha item type
          Koleksioni i përgjithshem UBT - Lipjan UBT - Lipjan Koleksioni i përgjithshem 01/15/2018   2 MIC 002-2995454 01/15/2018 01/15/2018 Books
UBT Library © 2015-2024. All rights reserved University Education for Business and Technology